Jane Eyre - Statistics

General Stats
  • This quiz has been taken 335 times
  • The average score is 8 of 15
Answer Stats
Hint Answer % Correct
Author of the Novel Charlotte Bronte
97%
Jane's first love Mr. Rochester
87%
Jane (leaves/stays with) Rochester Leaves
78%
Place where Jane goes when punished by Mrs. Reed Red Room
75%
Jane is (happy/sad) at end of novel Happy
74%
Girl who Jane teaches Adele
67%
This character dies at Lowood Helen Burns
64%
Place where St. John Rivers wants Jane to go India
54%
Time period Victorian era
53%
This happens at Thornfield in the end Fire
50%
Novel is a ___________ Bildungsroman
27%
Jane finds her self-worth through ___________ Teaching
23%
Rochester loses his __________ Vision
23%
Jane meets St. John Rivers at _________ Marsh End
2%
Image Jane creates of her situation with Rochester Caged Bird
1%
No matching quizzes found
Score Distribution
Percent of People with Each Score
Percentile by Number Answered
Your Score History
You have not taken this quiz